| 000 | 00978nam a2200217Ia 4500 | ||
|---|---|---|---|
| 003 | GCL | ||
| 008 | 140319s9999 xx 000 0 ara d | ||
| 040 |
_aGCL / _cGCL |
||
| 082 | 0 | 4 |
_a327.11 _bم ا |
| 100 | 1 | _aمنير الحمش | |
| 245 | 1 | 0 |
_aاعمال الندوة الحوارية حول مشروع الشرق الاوسط الكبير ( 2004\4\12 ) / _cمنير الحمش |
| 260 |
_aسوريا : _bالمركز العربى للدراسات الاستراتيجية ، _c2004 |
||
| 300 |
_a282 ص ؛ _c24 سم |
||
| 490 |
_aقضايا استراتيجية _v33 |
||
| 650 | 0 | 4 | _aالعراق - تاريخ - العصر الحديث |
| 650 | 0 | 4 | _aالارهاب الدولى |
| 650 | 0 | 4 | _aالشرق الاوسط - الاحوال السياسية |
| 650 | 0 | 4 | _aالعالم العربى - الاحوال السياسية |
| 650 | 0 | 4 | _aالولايات المتحدة الامريكية - العلاقات الخارجية - الشرق الاوسط |
| 942 |
_2ddc _cBK |
||
| 999 |
_c9978 _d9978 |
||